000 00318 a2200121 4500
000 nam a22 7a 4500
005 20260206122250.0
020 _a9789395695374
100 _aAvasthi, Pushpita
_91114204
245 _aPravasi Shreshtha Kahaniyan : Pravasi Sahitya Mala 4
260 _bSwaraj
_c2024
942 _cTEXL
999 _c1678799
_d1678799